Religion in Uzbekistan - Statistics

General Stats
  • This quiz has been taken 40 times
  • The average score is 3 of 3
Answer Stats
Percent Religion % Correct
92% Islam
100%
3% Other
88%
5% Eastern orthodox
68%
No matching quizzes found
Score Distribution
Percent of People with Each Score
Percentile by Number Answered
Your Score History
You have not taken this quiz